BTD6 - Beginner Maps - Statistics

General Stats
  • This quiz has been taken 5 times
  • The average score is 6 of 25
Answer Stats
Hint Answer % Correct
Page 5 Logs
100%
Page 1 Monkey Meadow
80%
Page 4 Cubism
60%
Page 2 Resort
60%
Page 1 In The Loop
40%
Page 1 Tinkerton
40%
Page 4 Alpine Run
20%
Page 3 Candy Falls
20%
Page 3 Carved
20%
Page 4 Frozen Over
20%
Page 3 Lotus Island
20%
Page 2 One Two Tree
20%
Page 3 Park Path
20%
Page 2 Scrapyard
20%
Page 3 Skates
20%
Page 1 Three Mines 'Round
20%
Page 2 Town Center
20%
Page 1 Tree Stump
20%
Page 3 Winter Park
20%
Page 4 End of the Road
0%
Page 4 Four Circles
0%
Page 4 Hedge
0%
Page 2 Middle of the Road
0%
Page 1 Spa Pits
0%
Page 2 The Cabin
0%
No matching quizzes found
Score Distribution
Percent of People with Each Score
Percentile by Number Answered
Your Score History
You have not taken this quiz